000 00435cam a2200181 4500
001 D12270
008 090401t1903 xxu||||| |||| 00| 0 eng d
035 _a(Sirsi) u2410
041 _aeng
100 _aBrown, Archibald
245 4 _aThe law and practice on enfranchisements and commutations
250 _a3rd
260 _aLondon
_bButterworth
_c1903
350 _a0
520 _aShelf 177
942 _n0
948 _c04/03/1997
999 _c85767
_d85767